La France : Révolution et Empire (1788-1815) (notice n° 2198391)

détails MARC
000 -LEADER
fixed length control field 01434cam a2200133 4500500
005 - DATE AND TIME OF LATEST TRANSACTION
control field 20260405085537.0
041 ## - LANGUAGE CODE
Language code of text/sound track or separate title fre
042 ## - AUTHENTICATION CODE
Authentication code dc
100 10 - MAIN ENTRY--PERSONAL NAME
Personal name Lignereux, Aurélien
Relator term author
245 00 - TITLE STATEMENT
Title La France : Révolution et Empire (1788-1815)
260 ## - PUBLICATION, DISTRIBUTION, ETC.
Name of publisher, distributor, etc. Armand Colin,<br/>
Date of publication, distribution, etc. 2024.<br/>
520 ## - SUMMARY, ETC.
Summary, etc. L’histoire de la Révolution française est au cœur de l’étude de l’histoire française de la fin l’Ancien Régime et du début du XIXe siècle. Cet ouvrage souhaite proposer aux étudiants une fresque détaillée de cette période qui débute en 1789 et s’achève avec la naissance du Premier Empire en 1815.L’auteur présente les détails de la trame historique de cette période mais soumet également au lecteur les débats historiographiques et les questionnements innovants qu’elle ne cesse d’inspirer.Ce volume de la collection Portail offrira un manuel complet, enrichi d’illustrations et de cartes, destiné à faciliter aux étudiants la compréhension de ces 25 années décisives pour la France et pour l’Europe tout entière. En proposant des conseils méthodologiques dédiés et grâce à la présentation de documents commentés, de plans de dissertation, ainsi qu’à un atlas en 4 couleurs, cet ouvrage sera également un outil précieux de travail pour les enseignants.
856 41 - ELECTRONIC LOCATION AND ACCESS
Uniform Resource Identifier <a href="https://shs.cairn.info/la-france-revolution-et-empire--9782200626150?lang=fr&redirect-ssocas=7080">https://shs.cairn.info/la-france-revolution-et-empire--9782200626150?lang=fr&redirect-ssocas=7080</a>

Pas d'exemplaire disponible.

PLUDOC

PLUDOC est la plateforme unique et centralisée de gestion des bibliothèques physiques et numériques de Guinée administré par le CEDUST. Elle est la plus grande base de données de ressources documentaires pour les Étudiants, Enseignants chercheurs et Chercheurs de Guinée.

Adresse

627 919 101/664 919 101

25 boulevard du commerce
Kaloum, Conakry, Guinée

Réseaux sociaux

Powered by Netsen Group @ 2025